مكتبة جامعة عجلون الوطنية

فهرس بحث المكتبة

الاقتصاد الرقمي الواقع والطموح (Record no. 33643)

MARC details
000 -LEADER
fixed length control field 00879nam a22001817a 4500
003 - CONTROL NUMBER IDENTIFIER
control field JO-AjAnu
005 - DATE AND TIME OF LATEST TRANSACTION
control field 20240813120906.0
008 - FIXED-LENGTH DATA ELEMENTS--GENERAL INFORMATION
fixed length control field 240813b jo ||||| |||| 00| 0 ara d
020 ## - INTERNATIONAL STANDARD BOOK NUMBER
International Standard Book Number 9789923258453
040 ## - CATALOGING SOURCE
Original cataloging agency JO-AjAnu
Language of cataloging ARA
Transcribing agency JO-AjAnu
041 ## - LANGUAGE CODE
Language code of original ARA
111 ## - MAIN ENTRY--MEETING NAME
Meeting name or jurisdiction name as entry element المؤتمر العلمي السادس لكلية الأعمال / الاقتصاد الرقمي : الواقع والطموح ،جامعة عجلون الوطنية / كلية الأعمال (27-28) / 7 / 2024
9 (RLIN) 66142
245 ## - TITLE STATEMENT
Title الاقتصاد الرقمي الواقع والطموح
Statement of responsibility, etc. / المؤتمر العلمي السادس لكلية الأعمال (27-28) / 7 / 2024 ، الجزء الثاني
260 ## - PUBLICATION, DISTRIBUTION, ETC.
Place of publication, distribution, etc. عجلون :
Name of publisher, distributor, etc. جامعة عجلون الوطنية-كلية الأعمال ,
Date of publication, distribution, etc. 2024
300 ## - PHYSICAL DESCRIPTION
Extent 932 ورقة
650 ## - SUBJECT ADDED ENTRY--TOPICAL TERM
Form subdivision الاقتصاد الرقمي
942 ## - ADDED ENTRY ELEMENTS (KOHA)
Source of classification or shelving scheme Library of Congress Classification
Koha item type Reference
Suppress in OPAC No
Holdings
Withdrawn status Lost status Source of classification or shelving scheme Damaged status Not for loan Home library Current library Date acquired Total Checkouts Full call number Barcode Date last seen Price effective from Koha item type
    Library of Congress Classification     مكتبة جامعة عجلون الوطنية مكتبة جامعة عجلون الوطنية 13/08/2024   HF5548.32.2024 A29987 13/08/2024 13/08/2024 Reference
    Library of Congress Classification     مكتبة جامعة عجلون الوطنية مكتبة جامعة عجلون الوطنية 13/08/2024   HF5548.32.2024 A29989 13/08/2024 13/08/2024 Reference